<The> European Union and Russia: Mirror-like Asymmetry in Hybrid Conflict

Konceptualizácia bezpečnostných spôsobov EÚ s ohľadom na nové výzvy a konkrétne jeho reakcia na hrozbu, ktorú predstavuje rastúca výzva, ktorú prináša dezinformácia, a úsilie Moskvy využívať slobodu prejavu v otvorených západných spoločnostiach zneužiť súčasné západné demokracie na vlastné geopoliti...

Ausführliche Beschreibung

Gespeichert in:
Bibliographische Detailangaben
1. Verfasser: Lexmann, Miriam
Format: Buchkapitel
Sprache:Englisch
Schlagworte:
Tags: Tag hinzufügen
Keine Tags, Fügen Sie das erste Tag hinzu!

MARC

LEADER 00000naa a2200000 4500
001 0249166
005 20241024131415.0
041 0 |a eng 
044 |a SK 
245 1 0 |a <The> European Union and Russia: Mirror-like Asymmetry in Hybrid Conflict  |c Miriam Lexmann 
520 |a Konceptualizácia bezpečnostných spôsobov EÚ s ohľadom na nové výzvy a konkrétne jeho reakcia na hrozbu, ktorú predstavuje rastúca výzva, ktorú prináša dezinformácia, a úsilie Moskvy využívať slobodu prejavu v otvorených západných spoločnostiach zneužiť súčasné západné demokracie na vlastné geopolitické ciele. 
610 2 0 |a Európska únia 
610 2 0 |a Rusko 
610 2 0 |a politika medzinárodná 
610 2 0 |a geopolitika 
610 2 0 |a útoky kybernetické 
610 2 0 |a hrozby hybridné 
610 2 0 |a bezpečnosť európska 
610 2 0 |a bezpečnosť informačná 
100 1 |a Lexmann, Miriam